Když udeří krize
Dopad krízy na popredných výrobcov telekomunikačných zariadení. Reštrukturalizácia a strategické zámery rakúskej firmy Kapsch na obnovu svojej pozície. Očakávanie budúceho rastu v telekomunikačnom priemysle.
Salvato in:
| Autore principale: | |
|---|---|
| Natura: | Capitolo di libro |
| Lingua: | ceco |
| Soggetti: | |
| Tags: |
Nessun Tag, puoi essere il primo ad aggiungerne!!
|
MARC
| LEADER | 00000naa a2200000 4500 | ||
|---|---|---|---|
| 001 | r044354 | ||
| 005 | 20231004070311.0 | ||
| 041 | 0 | |a cze | |
| 044 | |a CZ | ||
| 245 | 1 | 0 | |a Když udeří krize |c J. Shrbená |
| 520 | |a Dopad krízy na popredných výrobcov telekomunikačných zariadení. Reštrukturalizácia a strategické zámery rakúskej firmy Kapsch na obnovu svojej pozície. Očakávanie budúceho rastu v telekomunikačnom priemysle. | ||
| 610 | 2 | 0 | |a kríza finančná |
| 610 | 2 | 0 | |a výroba |
| 610 | 2 | 0 | |a telekomunikácie |
| 610 | 2 | 0 | |a stratégia podniková |
| 100 | 1 | |a Shrbená, Jiřina | |